Chemical abstracts. (Record no. 95400)
[ view plain ]
| 000 -LEADER | |
|---|---|
| fixed length control field | 02023cas a2200481 a 4500 |
| 005 - DATE AND TIME OF LATEST TRANSACTION | |
| control field | 20180607104549.0 |
| 008 - FIXED-LENGTH DATA ELEMENTS--GENERAL INFORMATION | |
| fixed length control field | 820806c19769999ohuzr i 0 a0eng c |
| 080 ## - UNIVERSAL DECIMAL CLASSIFICATION NUMBER | |
| Universal Decimal Classification number | 54(048.1)(05) |
| Item number | CHE.118/8 |
| 110 ## - MAIN ENTRY--CORPORATE NAME | |
| Corporate name or jurisdiction name as entry element | American Chemical Society |
| 245 00 - TITLE STATEMENT | |
| Title | Chemical abstracts. |
| 260 ## - PUBLICATION, DISTRIBUTION, ETC. (IMPRINT) | |
| Place of publication, distribution, etc | Columbus, Ohio : |
| Name of publisher, distributor, etc | American Chemical Society, |
| Date of publication, distribution, etc | 1993 |
| 300 ## - PHYSICAL DESCRIPTION | |
| Extent | v. ;p. |
| Dimensions | 29 cm. |
| 490 ## - SERIES STATEMENT | |
| Volume number/sequential designation | Vol.118 |
| 500 ## - GENERAL NOTE | |
| General note | "A publication of Chemical Abstracts Service." |
| 650 #0 - SUBJECT ADDED ENTRY--TOPICAL TERM | |
| Topical term or geographic name as entry element | Chemistry |
| General subdivision | Abstracts |
| Form subdivision | Indexes |
| -- | Periodicals. |
| 650 #0 - SUBJECT ADDED ENTRY--TOPICAL TERM | |
| Topical term or geographic name as entry element | Chemistry |
| Form subdivision | Indexes |
| -- | Periodicals. |
| 650 #7 - SUBJECT ADDED ENTRY--TOPICAL TERM | |
| General subdivision | Abstracts. |
| Source of heading or term | fast |
| 653 ## - INDEX TERM--UNCONTROLLED | |
| Uncontrolled term | Chemistry- |
| 710 2# - ADDED ENTRY--CORPORATE NAME | |
| Corporate name or jurisdiction name as entry element | American Chemical Society. |
| Subordinate unit | Chemical Abstracts Service. |
| 942 ## - ADDED ENTRY ELEMENTS (KOHA) | |
| item type | Bound Volumes |
| 022 0# - INTERNATIONAL STANDARD SERIAL NUMBER | |
| International Standard Serial Number | 1542-7455 |
| Incorrect ISSN | 0097-6474 |
| Source | 1 |
| 222 #0 - KEY TITLE | |
| Key title | Chemical abstracts. Collective index. General subjects |
| 787 1# - NONSPECIFIC RELATIONSHIP ENTRY | |
| Title | Chemical abstracts |
| International Standard Serial Number | 0009-2258 |
| Record control number | (DLC) 09004698 |
| -- | (OCoLC)1553947 |
| Lost status | Source of classification or shelving scheme | Not for loan | Home library | Current library | Date acquired | Total Checkouts | Full call number | Barcode | Date last seen | Price effective from | Koha item type |
|---|---|---|---|---|---|---|---|---|---|---|---|
| Universal Decimal Classification | Not For Loan | University Library | University Library | 07/06/2018 | 54(048.1)(05) CHE.118/8 | 00040156 | 07/06/2018 | 07/06/2018 | Bound Volumes |
